ABC komunitárneho práva

Saved in:
Bibliographic Details
Main Author: Borchardt, Klaus-Dieter
Other Authors: Michalička, František
Format: Book
Language:Slovak
Published: Brussel Európska komisia 1999
Series:Európska dokumentácia
Subjects:
Tags: Add Tag
No Tags, Be the first to tag this record!

MARC

LEADER 00000nam$a2200000$$$4500
001 0024926
005 20240111125047.1
020 |a 80-968152-6-1 
041 0 |a slo 
044 |a SK 
245 1 0 |a ABC komunitárneho práva  |c Klaus-Dieter Borchardt ; preklad: František Michalička 
264 1 |a Brussel  |b Európska komisia  |c 1999 
300 |a 92 s. 
490 1 |a Európska dokumentácia 
830 0 |a Európska dokumentácia 
610 2 0 |a integrácia ekonomická medzinárodná 
610 2 0 |a ústava 
610 2 0 |a štruktúra organizačná 
610 2 0 |a inštitúcia 
610 2 0 |a poriadok právny 
610 2 0 |a zákony 
610 2 0 |a smernice 
610 2 0 |a legislatíva 
610 2 0 |a ochrana právna 
610 2 0 |a právo komunitárne 
610 2 0 |a systémy právne 
610 2 0 |a Európska únia 
100 1 |a Borchardt, Klaus-Dieter 
700 1 |a Michalička, František